000 01147nam a22003377a 4500
003 CHAP
005 20220329140742.0
008 971013s1968 r 00010 d
010 _a57072
011 _a58044
035 _a62199
040 _cCHAP
082 _a636.089
_bS24Y
100 0 0 _aSchwabe, Calvin W.
_9103272
245 _aMedicina Veterinaria y salud pública
260 _aMéxico :
_bNovaro,
_c1968
300 _a896 p.
_b: ilus.
590 _aBATCH-UPD
_b10
_c20130110
_lUCH01
_h0722
590 _aBATCH-UPD
_b10
_c20130410
_lUCH01
_h0406
590 _aBATCH-UPD
_b10
_c20130914
_lUCH01
_h2012
590 _aCONVERSION
_b10
_c20130109
_lUCH01
_h1331
650 1 4 _aSalud pública.
_9101813
650 1 4 _aSanidad animal.
_9102221
650 1 4 _aVeterinaria.
_9118987
901 _aBK
942 _cLIBRO
949 _a636.089 S24Y
_bBC
_cLIBRO
_d33724000278222
_eLIBRO
_h39734
_i62199
_si
949 _a636.089 S24Y
_bBC
_cLIBRO
_d33724000278230
_eLIBRO
_fc.2
_h39735
_i62199
_si
949 _a636.089 S24Y
_bBC
_cLIBRO
_d33724000278248
_eLIBRO
_fc.3
_h39745
_i62199
_si
949 _a636.089 S24Y
_bBC
_cLIBRO
_d33724000278255
_eLIBRO
_fc.4
_h40112
_i62199
_si
999 _c57072
_d57072